Business analýza v praxi diplomová práca

Na minha lista:
Detalhes bibliográficos
Autor principal: Bóllová, Monika
Autor Corporativo: Fakulta hospodárskej informatiky EU. Katedra aplikovanej informatiky
Outros Autores: Hudec, Miroslav, 1969-
Formato: Livro
Idioma:eslovaco
Publicado em: Bratislava 2014
Tags: Adicionar Tag
Sem tags, seja o primeiro a adicionar uma tag!

MARC

LEADER 00000nbm a2200000 4500
001 0188761
005 20170201110245.7
041 0 |a slo 
044 |a SK 
245 1 0 |a Business analýza v praxi  |b diplomová práca  |c Monika Bóllová ; školiteľ: Miroslav Hudec 
264 1 |a Bratislava  |c 2014 
300 |a 65 s. 
100 1 |a Bóllová, Monika 
700 1 |a Hudec, Miroslav, 1969- 
710 2 |a Fakulta hospodárskej informatiky EU. Katedra aplikovanej informatiky